000 00898nas a2200289 4500
001 BR2014004412
003 BR-BrBNA
005 20231205124238.0
007 ta
008 230509b bl.|||p| |||| 00| 00por d
040 _aBR-BrBNA
_bpor
_cBiblioteca Nacional de Agricultura
041 _a(Pt)
072 _aE16
100 1 _aMoura, J.F.P. de
100 1 _aPimenta Filho, E.C.
100 1 _aGonzaga Neto, S.
100 1 _aMenezes, M.P.C. de
100 1 _aLeite, S.V. de F.
100 1 _aGuilhermino, M.M.
245 1 _aCaracterização dos sistemas de produção de leite bovino no Cariri paraibano
650 _aCOOPERATIVA
650 _aSISTEMA DE PRODUÇÃO
650 _aLEITE
773 0 _tActa Scientiarum. Animal Sciences (Brazil)
_xISSN 1806-2636
_g(July- Sept 2010), v. 32(3) p. 293-298
_wBR2014004412
909 _a202311
_bLúcia
_c55
_dLúcia Elande
942 _2AGRIS
_n0
_cANA
999 _c238080
_d238080